Statistiques concernant Les 10 entraineurs ayant disputés le plus de matchs en ChampionsLeague

Cliquez ici pour prendre le quiz!

Statistiques générales

  • Ce quiz a été pris 191 fois
  • Le résultat moyen est 4 sur 10

Statistiques - réponses

HintMatchsRéponse% Correct
4160Pep Guardiola
97%
3196Carlo Ancelotti
89%
6145José Mourinho
80%
1209Alex Ferguson
64%
2201Arsène Wenger
49%
7111Rafael Benitez
22%
8102Massimiliano Allegri
18%
10101Louis Van Gaal
10%
5148Mircea Lucescu
2%
9101Ottmar Hitzfeld
2%

Distribution des résultats

Percentile par nombre de réponses

% des personnes avec chaque résultat

Votre développement - résultats

Vous n’avez pas pris ce quiz